Royals 2024 Opening Day Lineup - Statistics

General Stats
  • This quiz has been taken 6 times
  • The average score is 6 of 10
Answer Stats
Position Player % Correct
SS Bobby Witt Jr.
100%
C Salvador Perez
100%
3B Maikel Garcia
75%
1B Vinnie Pasquantino
75%
P Cole Ragans
50%
RF Hunter Renfroe
50%
CF Kyle Isbel
50%
LF MJ Melendez
50%
DH Nelson Velasquez
25%
2B Adam Frazier
0%
No matching quizzes found
Score Distribution
Percent of People with Each Score
Percentile by Number Answered
Your Score History
You have not taken this quiz